مكتبة جامعة عجلون الوطنية

فهرس بحث المكتبة

Normal view MARC view
  • المصارف الاسلامية - تكنولوجيا المعلومات - الاردن

Entry Topical Term

Number of records used in: 1

001 - CONTROL NUMBER

  • control field: 58520

003 - CONTROL NUMBER IDENTIFIER

  • control field: JO-AjAnu

005 - DATE AND TIME OF LATEST TRANSACTION

  • control field: 20230606083557.0

008 - FIXED-LENGTH DATA ELEMENTS

  • fixed length control field: 230606|| aca||aabn | a|a d

040 ## - CATALOGING SOURCE

  • Original cataloging agency: JO-AjAnu
  • Transcribing agency: JO-AjAnu

150 ## - HEADING--TOPICAL TERM

  • Topical term or geographic name entry element: المصارف الاسلامية - تكنولوجيا المعلومات - الاردن

670 ## - SOURCE DATA FOUND

  • Source citation: Work cat.: (JO-AjAnu)29851: اعداد نور محمد العبدالله؛ اشراف محمد عبد الكريم المومني، محمود علي الروسان, author 58519, اثر تطبيق تكنولوجيا المعلومات في تحقيق الميزة التنافسية لدى المصارف الاسلامية الاردنية( دراسة ميدانية)The Effect Of Applying Information Technology In Achieving The Competitive Adantage Among Jordanian Islamic Banks: Field Study